Normal view
MARC view
- Fundamentals of telephony
Entry Topical Term
001 - CONTROL NUMBER
- control field: 105732
003 - CONTROL NUMBER IDENTIFIER
- control field: NUST
005 - DATE AND TIME OF LATEST TRANSACTION
- control field: 20221223095654.0
008 - FIXED-LENGTH DATA ELEMENTS
- fixed length control field: 221223|| aca||aabn | a|a d
040 ## - CATALOGING SOURCE
- Original cataloging agency: NUST
- Transcribing agency: NUST
150 ## - HEADING--TOPICAL TERM
- Topical term or geographic name entry element: Fundamentals of telephony
670 ## - SOURCE DATA FOUND
- Source citation: Work cat.: (NUST)183681: Albert, Arthur Lemuel, 41655, Fundamentals of telephony /, 1943
